| 000 | 00671nam a2200217Ia 4500 | ||
|---|---|---|---|
| 999 |
_c37356 _d37356 |
||
| 003 | GCL | ||
| 005 | 20240530103157.0 | ||
| 008 | 140319s9999 xx 000 0 ara d | ||
| 040 |
_aGCL / _cGCL |
||
| 082 | 0 | 4 |
_a070.53\ _bب ت |
| 100 | 1 | _aبليدين، فنسنت | |
| 245 | 1 | 0 |
_aتصميم الكتاب وانتاجه / _cبليدين، فنسنت ؛ محسن شاكر |
| 260 |
_a[S.N] : _bدار النشر للجامعات المصرية ، _c1989 |
||
| 650 | 0 | 4 | _aالورق |
| 650 | 0 | 4 | _aالطباعة |
| 650 | 0 | 4 | _aالخط العربى |
| 650 | 0 | 4 | _aالكتاب |
| 700 | 1 | _aمحسن شاكر | |
| 700 | 1 | _aماهر محمد قطب | |
| 942 |
_2ddc _cBK |
||